[Event "Kiel op 36th"]
[Site "Kiel"]
[Date "2024.07.31"]
[Round "7"]
[White "Tran, Minh Dat"]
[Black "Dittmann, Hans Adolf"]
[Result "1/2-1/2"]
[WhiteElo "1740"]
[BlackElo "2024"]
[PlyCount "42"]
[EventDate "2024.07.27"]
[EventType "swiss"]
[EventRounds "9"]
[EventCountry "GER"]
[SourceTitle "EXT 2025"]
[Source "ChessBase"]
[SourceDate "2024.10.14"]
[SourceVersion "1"]
[SourceVersionDate "2024.10.14"]
[SourceQuality "1"]

1. c4 Nf6 2. g3 g6 3. Bg2 Bg7 4. Nc3 e5 5. a3 a5 6. Rb1 d6 7. b4 axb4 8. axb4 0-0 9. e4 Nc6 10. Nge2 Be6 11. d3 Ne7 12. 0-0 c6 13. b5 d5 14. bxc6 bxc6 15. cxd5 cxd5 16. d4 Nxe4 17. Nxe4 dxe4 18. dxe5 Bg4 19. Qxd8 Rfxd8 20. Nc3 Bxe5 21. Nxe4 Rdb8 1/2-1/2

[Event "Kiel op 36th"]
[Site "Kiel"]
[Date "2024.07.29"]
[Round "5"]
[White "Gaisbauer, Rene"]
[Black "Dittmann, Hans Adolf"]
[Result "0-1"]
[WhiteElo "1880"]
[BlackElo "2024"]
[PlyCount "116"]
[EventDate "2024.07.27"]
[EventType "swiss"]
[EventRounds "9"]
[EventCountry "GER"]
[SourceTitle "EXT 2025"]
[Source "ChessBase"]
[SourceDate "2024.10.14"]
[SourceVersion "1"]
[SourceVersionDate "2024.10.14"]
[SourceQuality "1"]

1. d4 Nf6 2. Nf3 e6 3. Nbd2 c5 4. e3 b6 5. Bd3 Bb7 6. b3 Nc6 7. Bb2 Be7 8. 0-0 0-0 9. a3 Rc8 10. c4 d5 11. dxc5 Bxc5 12. b4 Be7 13. Qe2 Rc7 14. Rfd1 Qa8 15. Rac1 Rfc8 16. e4 dxc4 17. Rxc4 Ba6 18. Rc3 Bxd3 19. Rxd3 h6 20. Bxf6 Bxf6 21. e5 Be7 22. Qe4 Qb7 23. Nb3 Na5 24. Qxb7 Nxb7 25. g3 a5 26. bxa5 Nxa5 27. Nxa5 bxa5 28. Nd4 Rb8 29. a4 Rb4 30. Nb5 Rc2 31. Rc3 Rxc3 32. Nxc3 Rc4 33. Rd3 Bc5 34. Nb5 Rxa4 35. Rd8+ Kh7 36. Rd7 Kg6 37. Nd6 Rd4 38. Kf1 a4 39. Rc7 Bxd6 40. exd6 Rxd6 41. Ra7 Rd4 42. Kg2 h5 43. h4 f6 44. Ra6 Kf5 45. Ra7 g6 46. Ra5+ e5 47. Kg1 g5 48. hxg5 Kxg5 49. Kg2 h4 50. gxh4+ Rxh4 51. Ra8 Rb4 52. Ra6 f5 53. Ra8 e4 54. Rg8+ Kf4 55. Ra8 e3 56. Rh8 Rb2 57. Rh4+ Kg5 58. Rxa4 Rxf2+ 0-1

[Event "Kiel op 35th"]
[Site "Kiel"]
[Date "2023.07.29"]
[Round "1"]
[White "Dittmann, Hans Adolf"]
[Black "Thomsen, Flemming"]
[Result "1-0"]
[WhiteElo "1989"]
[BlackElo "1491"]
[PlyCount "129"]
[EventDate "2023.07.29"]
[EventType "swiss"]
[EventRounds "9"]
[EventCountry "GER"]
[SourceTitle "CBM 215 Extra"]
[Source "ChessBase"]
[SourceDate "2023.09.30"]
[SourceVersion "1"]
[SourceVersionDate "2023.09.30"]
[SourceQuality "1"]

1. e4 e5 2. Nf3 Nf6 3. Nc3 Nc6 4. Bb5 Bc5 5. 0-0 a6 6. Bxc6 dxc6 7. h3 0-0 8. d3 Re8 9. Ne2 Ba7 10. Be3 c5 11. Ng3 Bd7 12. Qd2 Qe7 13. Bg5 Qd6 14. Nh4 c4 15. Nhf5 Bxf5 16. Nxf5 Qe6 17. Bxf6 Qxf6 18. dxc4 Rad8 19. Qe2 g6 20. Nh6+ Kg7 21. Ng4 Qf4 22. Rad1 h5 23. Nh2 c6 24. Rd3 Rxd3 25. Qxd3 Qf6 26. Nf3 g5 27. g3 Rd8 28. Qe2 h4 29. Kg2 Kh7 30. Rd1 Rxd1 31. Qxd1 hxg3 32. fxg3 Qe7 33. Qe2 f6 34. c3 Qc5 35. b4 Qe3 36. Qxe3 Bxe3 37. b5 axb5 38. cxb5 cxb5 39. Nh2 Bd2 40. Kf3 Bxc3 41. Kg4 Kg6 42. Nf3 b4 43. h4 gxh4 44. gxh4 b6 45. h5+ Kg7 46. Kf5 Kf7 47. h6 Bb2 48. h7 Kg7 49. h8Q+ Kxh8 50. Kxf6 Kg8 51. Nxe5 Kf8 52. Ke6 Ke8 53. Nc6 Bc3 54. Kd6 Bd2 55. Kc7 Bc3 56. Kxb6 Kd7 57. Kc5 Ke6 58. Nxb4 Ke5 59. a4 Kxe4 60. a5 Bd4+ 61. Kc6 Ke5 62. Nd5 Ke6 63. a6 Ba7 64. Kb7 Bd4 65. Nb6 1-0

[Event "Oberliga Nord N 2223"]
[Site "Germany"]
[Date "2023.02.05"]
[Round "5.8"]
[White "Dittmann, Hans Adolf"]
[Black "Pulter, Felix"]
[Result "0-1"]
[WhiteElo "2015"]
[BlackElo "1649"]
[PlyCount "84"]
[EventDate "2022.10.23"]
[EventType "team-tourn"]
[EventRounds "9"]
[EventCountry "GER"]
[SourceTitle "EXT 2025"]
[Source "ChessBase"]
[SourceDate "2024.10.14"]
[SourceVersion "1"]
[SourceVersionDate "2024.10.14"]
[SourceQuality "1"]
[WhiteTeam "Preetz"]
[BlackTeam "Bad Schwartau"]
[WhiteTeamCountry "GER"]
[BlackTeamCountry "GER"]

1. e4 d6 2. d4 Nf6 3. Nc3 g6 4. Bg5 Bg7 5. Qd2 c6 6. f3 b5 7. Bd3 0-0 8. Bh6 a6 9. h4 e5 10. dxe5 dxe5 11. 0-0-0 Be6 12. h5 Nxh5 13. Bxg7 Kxg7 14. g4 Nf4 15. Qh2 h5 16. Kb1 Nd7 17. Nge2 Nxe2 18. Bxe2 Rh8 19. gxh5 Rxh5 20. Qf2 Qg5 21. f4 Qxf4 22. Qxf4 exf4 23. Bxh5 gxh5 24. Rxh5 Kg6 25. Rh2 Ne5 26. Ne2 Kg5 27. Rg1+ Bg4 28. Rf2 f3 29. Nc3 Kf4 30. Re1 Kg3 31. Nd1 Bh3 32. Rg1+ Bg2 33. Rd2 Ng4 34. Kc1 Re8 35. Re1 f5 36. e5 Rxe5 37. Rxe5 Nxe5 38. Nf2 Ng4 39. Nd3 f2 40. Nxf2 Nxf2 41. Rd8 f4 42. Kd2 Ng4 0-1

[Event "Oberliga Nord N 1920"]
[Site "Germany"]
[Date "2021.08.14"]
[Round "8.8"]
[White "Kotyk, Michael"]
[Black "Dittmann, Hans Adolf"]
[Result "1/2-1/2"]
[WhiteElo "1981"]
[BlackElo "2083"]
[PlyCount "106"]
[EventDate "2019.09.29"]
[EventType "team-tourn"]
[EventRounds "9"]
[EventCountry "GER"]
[SourceTitle "EXT 2023"]
[Source "ChessBase"]
[SourceDate "2022.10.05"]
[SourceVersion "1"]
[SourceVersionDate "2022.10.05"]
[SourceQuality "1"]
[WhiteTeam "Hamburger SK III"]
[BlackTeam "Preetz"]
[WhiteTeamCountry "GER"]
[BlackTeamCountry "GER"]

1. d4 Nf6 2. c4 e6 3. Nc3 Bb4 4. e3 c5 5. Nge2 b6 6. a3 Ba5 7. Rb1 Qe7 8. d5 exd5 9. cxd5 Bxc3+ 10. Nxc3 d6 11. f3 Nh5 12. Bb5+ Nd7 13. 0-0 a6 14. Bc6 Rb8 15. f4 Nhf6 16. e4 0-0 17. Re1 Bb7 18. e5 Ne8 19. e6 Ndf6 20. Bxb7 Rxb7 21. f5 h6 22. b4 Rc7 23. Bd2 b5 24. a4 cxb4 25. Rxb4 Rc5 26. axb5 axb5 27. Rxb5 Rxb5 28. Nxb5 Nxd5 29. Bxh6 fxe6 30. Qxd5 exd5 31. Rxe7 gxh6 32. Nd4 Nf6 33. Re6 Kf7 34. Rxd6 Rb8 35. h3 Rb1+ 36. Kh2 Re1 37. Nc6 Re2 38. Rd8 Rf2 39. Ne5+ Ke7 40. Nc6+ Kf7 41. Ra8 Rxf5 42. Ra7+ Kf8 43. g4 Rf1 44. Kg2 Rc1 45. Nd4 Rc3 46. Nf5 Ne4 47. Rd7 Rc2+ 48. Kf3 Ng5+ 49. Kf4 Nxh3+ 50. Ke5 Nf2 51. Rd8+ Kf7 52. Rd7+ Ke8 53. Re7+ Kf8 1/2-1/2

[Event "DSOL 03 Liga Gr-B 1st"]
[Site "Playchess.com INT"]
[Date "2020.08.10"]
[Round "2.1"]
[White "Staeblein, Christoph"]
[Black "Dittmann, Hans Adolf"]
[Result "1-0"]
[WhiteElo "2125"]
[BlackElo "2027"]
[PlyCount "71"]
[EventDate "2020.06.22"]
[EventType "team-tourn (rapid)"]
[EventCountry "GER"]
[SourceTitle "EXT 2021"]
[Source "ChessBase"]
[SourceDate "2020.10.23"]
[SourceVersion "1"]
[SourceVersionDate "2020.10.23"]
[SourceQuality "1"]
[WhiteTeam "Luebeck SV II"]
[BlackTeam "Kiel SG"]
[WhiteTeamCountry "GER"]
[BlackTeamCountry "GER"]

1. d4 Nf6 2. c4 g6 3. Nc3 Bg7 4. e4 d6 5. Be2 0-0 6. Bg5 h6 7. Be3 e5 8. d5 a5 9. Qd2 Kh7 10. h4 Ng4 11. Bxg4 Bxg4 12. f3 Bd7 13. h5 g5 14. g4 Na6 15. Nh3 Nc5 16. Nf2 Qf6 17. Qe2 a4 18. 0-0 b6 19. Kg2 Rfb8 20. Rab1 Qd8 21. Rfc1 Ra5 22. Qc2 Qc8 23. Kg3 Qa6 24. b4 axb3 25. axb3 Ra3 26. Rb2 Ra8 27. Rcb1 Bf6 28. Nd3 Ra1 29. Nb4 Qa3 30. Rxa1 Qxa1 31. Rb1 Qa3 32. Nc6 Bxc6 33. dxc6 Bd8 34. Nb5 Qb4 35. Bd2 Nxe4+ 36. Qxe4+ 1-0

[Event "Oberliga Nord N 1920"]
[Site "Germany"]
[Date "2019.12.08"]
[Round "4.8"]
[White "Rieling, Thomas"]
[Black "Dittmann, Hans Adolf"]
[Result "1-0"]
[WhiteElo "2058"]
[BlackElo "2089"]
[PlyCount "137"]
[EventDate "2019.09.29"]
[EventType "team-tourn"]
[EventRounds "9"]
[EventCountry "GER"]
[SourceTitle "CBM 195 Extra"]
[Source "ChessBase"]
[SourceDate "2020.05.31"]
[SourceVersion "1"]
[SourceVersionDate "2020.05.31"]
[SourceQuality "1"]

1. e4 c5 2. Nc3 Nc6 3. g3 g6 4. Bg2 Bg7 5. d3 d6 6. f4 e6 7. Nf3 Nge7 8. 0-0 0-0 9. Be3 Nd4 10. e5 Nef5 11. Bf2 Nxf3+ 12. Qxf3 Nd4 13. Qd1 d5 14. Na4 b6 15. b4 Qe8 16. c3 Bd7 17. Nb2 Nb5 18. bxc5 Nxc3 19. Qd2 Na4 20. Nxa4 Bxa4 21. cxb6 axb6 22. Bxb6 Qc6 23. Be3 Rfc8 24. Rfc1 Qa6 25. Bc5 Rc6 26. Bf1 Rac8 27. d4 Bb5 28. Bxb5 Qxb5 29. a4 Qa6 30. a5 h5 31. Kf2 Bf8 32. Qe2 Bxc5 33. Qxa6 Rxa6 34. dxc5 Kf8 35. Ke3 Ke7 36. Ra2 Kd7 37. Kd4 Rb8 38. Rcc2 Rb4+ 39. Kd3 Kc6 40. Ra1 Rb5 41. Rca2 Rxc5 42. Ra3 Rc4 43. Rb1 Rc5 44. Rba1 Kb7 45. Rb1+ Ka7 46. Rba1 Rb5 47. Rc1 Rb7 48. Rc8 Rd7 49. Rac3 Kb7 50. R8c5 Kb8 51. Rc8+ Kb7 52. R8c5 Kb8 53. Kd4 Rb7 54. Rc2 Ra8 55. Rc8+ Ka7 56. R8c6 Rab8 57. a6 Rb4+ 58. Kc5 R8b5+ 59. Kd6 Rb6 60. Ke7 Rxc6 61. Rxc6 Rb6 62. Rd6 Kxa6 63. Kxf7 Kb5 64. Kxe6 d4 65. Kf7 Rb7+ 66. Kxg6 Kc4 67. f5 d3 68. f6 Rb8 69. f7 1-0

[Event "Oberliga Nord N 1819"]
[Site "Germany"]
[Date "2019.02.24"]
[Round "7.7"]
[White "Kalla, Christian"]
[Black "Dittmann, Hans Adolf"]
[Result "1-0"]
[WhiteElo "1978"]
[BlackElo "2062"]
[PlyCount "73"]
[EventDate "2018.10.21"]
[EventType "team-tourn"]
[EventRounds "9"]
[EventCountry "GER"]
[SourceTitle "EXT 2020"]
[Source "ChessBase"]
[SourceDate "2019.10.17"]
[SourceVersion "1"]
[SourceVersionDate "2019.10.17"]
[SourceQuality "1"]
[WhiteTeam "Hamburg Diogenes"]
[BlackTeam "Preetz"]
[WhiteTeamCountry "GER"]
[BlackTeamCountry "GER"]

1. e4 c5 2. c3 d5 3. exd5 Qxd5 4. d4 Nf6 5. Nf3 e6 6. Be3 cxd4 7. cxd4 Be7 8. Nc3 Qd8 9. Bd3 0-0 10. 0-0 b6 11. Qe2 Bb7 12. Rfd1 Nbd7 13. Rac1 Nd5 14. Nxd5 Bxd5 15. Ne5 Rc8 16. Rxc8 Qxc8 17. Rc1 Qd8 18. Nc6 Bxc6 19. Rxc6 Nf6 20. Qc2 Qd5 21. Rc7 Bd6 22. Rxa7 Ng4 23. Bxh7+ Kh8 24. Be4 Bxh2+ 25. Kf1 Nxe3+ 26. fxe3 Qg5 27. Ke2 f5 28. Bf3 Bg1 29. Qc1 Bh2 30. Rb7 e5 31. dxe5 f4 32. exf4 Rxf4 33. Qc8+ Kh7 34. Qh3+ Rh4 35. Be4+ Kh6 36. Rxb6+ Kh5 37. Bf3+ 1-0

[Event "Oberliga Nord N 1819"]
[Site "Germany"]
[Date "2018.12.16"]
[Round "4.7"]
[White "Dittmann, Hans Adolf"]
[Black "Wagner, Friedrich"]
[Result "0-1"]
[WhiteElo "2062"]
[BlackElo "2160"]
[PlyCount "72"]
[EventDate "2018.10.21"]
[EventType "team-tourn"]
[EventRounds "9"]
[EventCountry "GER"]
[SourceTitle "EXT 2020"]
[Source "ChessBase"]
[SourceDate "2019.10.17"]
[SourceVersion "1"]
[SourceVersionDate "2019.10.17"]
[SourceQuality "1"]
[WhiteTeam "Preetz"]
[BlackTeam "Hamburg Koenigsspringer"]
[WhiteTeamCountry "GER"]
[BlackTeamCountry "GER"]

1. e4 c6 2. d4 d5 3. Nc3 dxe4 4. Nxe4 Nd7 5. Nf3 Ngf6 6. Ng3 c5 7. Bd3 e6 8. 0-0 Be7 9. c3 0-0 10. Qe2 Qc7 11. Re1 b6 12. Bg5 Bb7 13. Ne4 Rfd8 14. Rad1 a6 15. Bh4 b5 16. dxc5 Nxc5 17. Nxf6+ Bxf6 18. Bxf6 gxf6 19. Nd4 Rd5 20. Qe3 Rg5 21. Bf1 Rd8 22. Ne2 Na4 23. Rxd8+ Qxd8 24. b3 Nb6 25. f4 Rd5 26. Nd4 b4 27. Bc4 Rd6 28. Ne2 Rd2 29. cxb4 Nxc4 30. bxc4 Rxa2 31. Kf2 Qd6 32. Rb1 Qc6 33. Qg3+ Kf8 34. b5 axb5 35. cxb5 Rxe2+ 36. Kxe2 Qc2+ 0-1

[Event "GER-chT Laender Seniors 65+"]
[Site "Templin"]
[Date "2018.09.10"]
[Round "1.2"]
[White "Dittmann, Hans Adolf"]
[Black "Albrecht, Rainer"]
[Result "1/2-1/2"]
[WhiteElo "2042"]
[BlackElo "2105"]
[PlyCount "34"]
[EventDate "2018.09.10"]
[EventType "team-swiss"]
[EventRounds "7"]
[EventCountry "GER"]
[SourceTitle "EXT 2020"]
[Source "ChessBase"]
[SourceDate "2019.10.17"]
[SourceVersion "1"]
[SourceVersionDate "2019.10.17"]
[SourceQuality "1"]
[WhiteTeam "Schleswig Holstein II"]
[BlackTeam "Berlin"]
[WhiteTeamCountry "GER"]
[BlackTeamCountry "GER"]

1. e4 d5 2. exd5 Qxd5 3. Nc3 Qd8 4. Bc4 Nf6 5. Nf3 a6 6. Ne5 e6 7. d4 Nbd7 8. 0-0 Nxe5 9. dxe5 Qxd1 10. Rxd1 Nd7 11. Bf4 h6 12. a3 g5 13. Bg3 Bg7 14. Re1 b6 15. Re3 Bb7 16. f4 gxf4 17. Bxf4 Nf8 1/2-1/2

[Event "Kiel op 31st"]
[Site "Kiel"]
[Date "2018.07.31"]
[Round "6"]
[White "Lubenow, Olaf"]
[Black "Dittmann, Hans Adolf"]
[Result "1-0"]
[WhiteElo "1794"]
[BlackElo "2102"]
[PlyCount "57"]
[EventDate "2018.07.28"]
[EventType "swiss"]
[EventRounds "9"]
[EventCountry "GER"]
[SourceTitle "CBM 185 Extra"]
[Source "ChessBase"]
[SourceDate "2018.07.29"]
[SourceVersion "1"]
[SourceVersionDate "2018.07.29"]
[SourceQuality "1"]

1. e4 c5 2. Nc3 Nc6 3. g3 g6 4. Bg2 Bg7 5. d3 d6 6. Nh3 e5 7. 0-0 Nge7 8. Be3 0-0 9. f4 Nd4 10. Ne2 Bg4 11. Bxd4 cxd4 12. Nf2 Bxe2 13. Qxe2 f5 14. Nh3 Qd7 15. fxe5 dxe5 16. c4 Bh6 17. Nf2 Be3 18. Kh1 Rf6 19. Ng4 Rb6 20. Nxe5 Qe6 21. c5 Rb4 22. a3 Ra4 23. Qc2 Qxe5 24. Qxa4 f4 25. Qb3+ Kh8 26. gxf4 Bxf4 27. Rxf4 Qxf4 28. Qxb7 Re8 29. Qd7 1-0

[Event "Schleswig-Holstein-ch Seniors-A"]
[Site "Bad Segeberg"]
[Date "2018.03.29"]
[Round "9"]
[White "Dittmann, Hans Adolf"]
[Black "Duerer, Manfred"]
[Result "1-0"]
[WhiteElo "2072"]
[BlackElo "1965"]
[PlyCount "133"]
[EventDate "2018.03.24"]
[EventType "swiss"]
[EventRounds "9"]
[EventCountry "GER"]
[SourceTitle "EXT 2023"]
[Source "ChessBase"]
[SourceDate "2022.10.05"]
[SourceVersion "1"]
[SourceVersionDate "2022.10.05"]
[SourceQuality "1"]

1. e4 d5 2. exd5 Qxd5 3. Nc3 Qa5 4. Bc4 Nf6 5. d4 c6 6. Nge2 b5 7. Bb3 e6 8. 0-0 Be7 9. Ng3 Nbd7 10. Nce4 Qc7 11. Qf3 Nxe4 12. Nxe4 Nf6 13. Bf4 Qb6 14. Nd6+ Kf8 15. Be5 Bd7 16. c3 Rd8 17. Rad1 Bc8 18. Qf4 Kg8 19. Rd3 Kf8 20. Rg3 Rg8 21. h4 c5 22. Nxc8 Rxc8 23. dxc5 Qxc5 24. Bd4 Qc7 25. Be5 Qc6 26. Rf3 Ke8 27. a4 a6 28. axb5 axb5 29. Ra1 Ra8 30. Rd1 Qe4 31. Rfd3 Qxf4 32. Bxf4 Ne4 33. Rd7 Nc5 34. Rxe7+ Kxe7 35. Bd6+ Kd7 36. Bxc5+ Kc6 37. Bd4 Ra6 38. Re1 g6 39. Re5 Ra1+ 40. Kh2 Rb1 41. Rc5+ Kd6 42. Rxb5 Rxb2 43. f4 Ra8 44. Rb7 Ra3 45. Be5+ Kc5 46. Rc7+ Kb6 47. Bd1 f6 48. Bf3 fxe5 49. Rb7+ Kc5 50. Rxb2 exf4 51. Rc2 Kd6 52. Rd2+ Ke5 53. Bg4 Rxc3 54. Re2+ Re3 55. Rxe3+ fxe3 56. Kg3 h5 57. Bd1 Kf5 58. Bc2+ Kf6 59. Bd1 Kf5 60. Kf3 g5 61. hxg5 Kxg5 62. Kxe3 h4 63. Bf3 Kf5 64. Be4+ Kg5 65. Kf3 e5 66. Bc6 Kh5 67. Bd7 1-0

[Event "Schleswig-Holstein-ch Seniors-A"]
[Site "Bad Segeberg"]
[Date "2018.03.29"]
[Round "8"]
[White "Mentlein, Horst"]
[Black "Dittmann, Hans Adolf"]
[Result "1/2-1/2"]
[WhiteElo "2049"]
[BlackElo "2072"]
[PlyCount "47"]
[EventDate "2018.03.24"]
[EventType "swiss"]
[EventRounds "9"]
[EventCountry "GER"]
[SourceTitle "EXT 2023"]
[Source "ChessBase"]
[SourceDate "2022.10.05"]
[SourceVersion "1"]
[SourceVersionDate "2022.10.05"]
[SourceQuality "1"]

1. c4 Nf6 2. Nc3 e6 3. d4 Bb4 4. Qc2 Nc6 5. Nf3 d6 6. Bg5 e5 7. dxe5 dxe5 8. Rd1 Qe7 9. Bxf6 Qxf6 10. a3 Bf5 11. Qb3 Bxc3+ 12. Qxc3 0-0 13. e3 Bh3 14. b4 Rad8 15. Rxd8 Rxd8 16. b5 Nd4 17. exd4 exd4 18. Qd2 d3 19. Kd1 Bg4 20. Rg1 Qd4 21. h3 Bxf3+ 22. gxf3 Qa1+ 23. Qc1 Qf6 24. Qd2 1/2-1/2

[Event "Schleswig-Holstein-ch Seniors-A"]
[Site "Bad Segeberg"]
[Date "2018.03.28"]
[Round "6"]
[White "Dittmann, Hans Adolf"]
[Black "Busse, Gerd"]
[Result "1-0"]
[WhiteElo "2072"]
[BlackElo "1815"]
[PlyCount "45"]
[EventDate "2018.03.24"]
[EventType "swiss"]
[EventRounds "9"]
[EventCountry "GER"]
[SourceTitle "EXT 2023"]
[Source "ChessBase"]
[SourceDate "2022.10.05"]
[SourceVersion "1"]
[SourceVersionDate "2022.10.05"]
[SourceQuality "1"]

1. e4 e5 2. Nf3 Nc6 3. Bb5 Nf6 4. c3 d6 5. d4 Bd7 6. 0-0 Be7 7. d5 Nb8 8. Bd3 0-0 9. h3 Ne8 10. c4 Na6 11. Nc3 f5 12. exf5 Bxf5 13. Bxf5 Rxf5 14. Ne4 Rf8 15. a3 h6 16. b4 Nf6 17. Qd3 Nxe4 18. Qxe4 Nb8 19. Be3 Nd7 20. Qg4 Nf6 21. Qe6+ Kh8 22. Nh4 Qe8 23. Qxe7 1-0

[Event "Oberliga Nord N 1718"]
[Site "Germany"]
[Date "2018.01.21"]
[Round "5.8"]
[White "Dittmann, Hans Adolf"]
[Black "Thanisch, Matthias"]
[Result "1/2-1/2"]
[WhiteElo "2072"]
[BlackElo "2023"]
[PlyCount "85"]
[EventDate "2017.10.08"]
[EventType "team-tourn"]
[EventRounds "9"]
[EventCountry "GER"]
[SourceTitle "EXT 2019"]
[Source "ChessBase"]
[SourceDate "2018.10.10"]
[SourceVersion "1"]
[SourceVersionDate "2018.10.10"]
[SourceQuality "1"]
[WhiteTeam "Preetz"]
[BlackTeam "Bargteheide"]
[WhiteTeamCountry "GER"]
[BlackTeamCountry "GER"]

1. e4 c6 2. Nc3 d5 3. Nf3 dxe4 4. Nxe4 Bg4 5. Bc4 e6 6. h3 Bh5 7. Ng3 Bxf3 8. Qxf3 Nf6 9. c3 Nbd7 10. d4 Be7 11. 0-0 0-0 12. Re1 Re8 13. a4 Nf8 14. a5 a6 15. Bg5 N8d7 16. b4 h6 17. Bd2 Qc7 18. Bf4 Bd6 19. Bxd6 Qxd6 20. Rac1 Rad8 21. Rc2 Nf8 22. Rce2 Ng6 23. Ne4 Nxe4 24. Rxe4 Re7 25. h4 Kh8 26. g3 Rde8 27. h5 Nf8 28. Qe2 Nh7 29. Kg2 Nf6 30. Re5 Nd7 31. Re3 Nf6 32. Ba2 Kg8 33. Qf3 Qd7 34. Re5 Nh7 35. Bb1 Nf6 36. Qd3 Kf8 37. Rc5 Qd6 38. Re3 Rd7 39. Qe2 Rde7 40. Qf3 Kg8 41. Rce5 Nd7 42. R5e4 Nf6 43. Re5 1/2-1/2

[Event "Oberliga Nord N 1718"]
[Site "Germany"]
[Date "2017.12.10"]
[Round "4.8"]
[White "Kalla, Christian"]
[Black "Dittmann, Hans Adolf"]
[Result "0-1"]
[WhiteElo "2021"]
[BlackElo "2072"]
[PlyCount "70"]
[EventDate "2017.10.08"]
[EventType "team-tourn"]
[EventRounds "9"]
[EventCountry "GER"]
[SourceTitle "EXT 2019"]
[Source "ChessBase"]
[SourceDate "2018.10.10"]
[SourceVersion "1"]
[SourceVersionDate "2018.10.10"]
[SourceQuality "1"]
[WhiteTeam "Hamburg Diogenes"]
[BlackTeam "Preetz"]
[WhiteTeamCountry "GER"]
[BlackTeamCountry "GER"]

1. e4 c5 2. c3 d5 3. exd5 Qxd5 4. d4 Nc6 5. Nf3 Bf5 6. Be3 cxd4 7. cxd4 Bxb1 8. Rxb1 e5 9. a3 Rd8 10. dxe5 Qe4 11. Qc1 Bc5 12. Bb5 Bxe3 13. Bxc6+ bxc6 14. fxe3 Ne7 15. 0-0 0-0 16. Qc5 Nf5 17. Qxa7 Rd3 18. Rbc1 h6 19. Rfe1 Rfd8 20. Qc5 Rb8 21. Rc4 Qd5 22. e4 Qxc5+ 23. Rxc5 Ne7 24. Re2 Rb6 25. Rcc2 h5 26. Red2 Re3 27. Rd4 Kh7 28. Rd7 Ng6 29. Rxf7 Kh6 30. Rc7 Reb3 31. R7xc6 Rxb2 32. Rxb6 Rxb6 33. a4 Ra6 34. Ra2 Nf4 35. g3 Ne6 0-1

[Event "GER-chT Seniors 26th"]
[Site "Templin"]
[Date "2017.09.26"]
[Round "2.2"]
[White "Walkewitz, Hubert"]
[Black "Dittmann, Hans Adolf"]
[Result "1-0"]
[WhiteElo "2134"]
[BlackElo "2084"]
[PlyCount "107"]
[EventDate "2017.09.25"]
[EventType "team-swiss"]
[EventRounds "7"]
[EventCountry "GER"]
[SourceTitle "EXT 2019"]
[Source "ChessBase"]
[SourceDate "2018.10.10"]
[SourceVersion "1"]
[SourceVersionDate "2018.10.10"]
[SourceQuality "1"]
[WhiteTeam "Brandenburg"]
[BlackTeam "Schleswig Holstein II"]
[WhiteTeamCountry "GER"]
[BlackTeamCountry "GER"]

1. f4 Nf6 2. Nf3 d6 3. Nc3 c5 4. e4 Nc6 5. Bb5 a6 6. Bxc6+ bxc6 7. 0-0 g6 8. e5 Nd5 9. exd6 exd6 10. d4 Nxc3 11. bxc3 Be7 12. dxc5 d5 13. Be3 0-0 14. Ne5 Qc7 15. Rb1 f6 16. Nd3 a5 17. Bd4 Bf5 18. Qd2 Qd7 19. Rb6 Bd8 20. Rb2 Bc7 21. g3 h5 22. Re1 Ra7 23. Nf2 h4 24. Qe3 Bd8 25. gxh4 Qh7 26. Qg3 Qh5 27. h3 Rh7 28. Rb8 Re7 29. Rxe7 Bxe7 30. Rb7 Qe2 31. Qe3 Qxe3 32. Bxe3 Re8 33. Ng4 Bxc2 34. Bd4 f5 35. Ne3 Bd3 36. Kh2 Bxh4 37. Rg7+ Kf8 38. Rxg6 Rb8 39. Be5 Rb1 40. Rg1 Bf2 41. Rxb1 Bxb1 42. Bd6+ Ke8 43. Nd1 Be1 44. a3 Bd2 45. Nf2 Bxc3 46. Be5 Be1 47. Kg2 Be4+ 48. Kf1 Bd2 49. h4 a4 50. h5 Kf7 51. Nh3 Kg8 52. Ng5 Bxf4 53. Bxf4 Kg7 54. h6+ 1-0

[Event "GER-chT Seniors 26th"]
[Site "Templin"]
[Date "2017.09.25"]
[Round "1.2"]
[White "Dittmann, Hans Adolf"]
[Black "Franke, Reiner"]
[Result "1/2-1/2"]
[WhiteElo "2084"]
[BlackElo "2255"]
[PlyCount "80"]
[EventDate "2017.09.25"]
[EventType "team-swiss"]
[EventRounds "7"]
[EventCountry "GER"]
[SourceTitle "EXT 2019"]
[Source "ChessBase"]
[SourceDate "2018.10.10"]
[SourceVersion "1"]
[SourceVersionDate "2018.10.10"]
[SourceQuality "1"]
[WhiteTeam "Schleswig Holstein II"]
[BlackTeam "Bremen"]
[WhiteTeamCountry "GER"]
[BlackTeamCountry "GER"]

1. e4 c5 2. Nf3 g6 3. d4 cxd4 4. Nxd4 Bg7 5. Nc3 Nc6 6. Be3 Nf6 7. Qd2 0-0 8. Be2 d5 9. exd5 Nxd5 10. Nxd5 Nxd4 11. Bxd4 Qxd5 12. Bxg7 Qxd2+ 13. Kxd2 Rd8+ 14. Ke3 Kxg7 15. Rhd1 Be6 16. Rxd8 Rxd8 17. Rd1 Rc8 18. c3 Rc7 19. Bf3 Kf6 20. Rd4 h5 21. Rb4 b6 22. a4 Rc5 23. Rb5 Rxb5 24. axb5 Ke5 25. Bc6 g5 26. g3 h4 27. f4+ gxf4+ 28. gxf4+ Kd6 29. b4 Bh3 30. Be4 f5 31. Bd3 e5 32. c4 Bg4 33. Bf1 Bh5 34. fxe5+ Kxe5 35. c5 bxc5 36. bxc5 Kd5 37. c6 Kd6 38. Be2 Be8 39. Bf1 Bxc6 40. bxc6 Kxc6 1/2-1/2

[Event "Schleswig Holstein-ch Senioren"]
[Site "Ratzeburg"]
[Date "2017.04.10"]
[Round "4.1"]
[White "Dittmann, Hans Adolf"]
[Black "Mentlein, Horst"]
[Result "0-1"]
[WhiteElo "2083"]
[BlackElo "2024"]
[PlyCount "92"]
[EventDate "2017.04.08"]
[EventType "swiss"]
[EventRounds "9"]
[EventCountry "GER"]
[SourceTitle "EXT 2022"]
[Source "ChessBase"]
[SourceDate "2021.10.06"]
[SourceVersion "1"]
[SourceVersionDate "2021.10.06"]
[SourceQuality "1"]

1. e4 c6 2. d4 d5 3. exd5 cxd5 4. Bd3 Nc6 5. c3 Nf6 6. Bf4 Bg4 7. Qb3 Na5 8. Qa4+ Bd7 9. Qc2 Qb6 10. a4 Rc8 11. Nd2 Bg4 12. Ngf3 e6 13. Ne5 Bh5 14. 0-0 Be7 15. Bb5+ Nc6 16. Bg5 a6 17. Bxc6+ bxc6 18. b4 a5 19. bxa5 Qxa5 20. Rfb1 0-0 21. Rb7 Rfe8 22. Qb2 c5 23. Ndf3 h6 24. Bh4 cxd4 25. cxd4 g5 26. Bg3 Ne4 27. h3 Bd6 28. Ng4 Bxg4 29. hxg4 Nxg3 30. fxg3 Rc7 31. Kh2 Rec8 32. Qb6 Qxb6 33. Rxb6 Rc6 34. Rab1 Kf8 35. Ne1 Ke7 36. a5 Rxb6 37. Rxb6 Bc7 38. Ra6 Rb8 39. Nd3 Rb3 40. Nc5 Bxg3+ 41. Kh3 Ra3 42. Ra7+ Kf6 43. Nd7+ Kg7 44. Rb7 Bd6+ 45. g3 Rxg3+ 46. Kh2 Rb3+ 0-1

[Event "Schleswig Holstein-ch Senioren"]
[Site "Ratzeburg"]
[Date "2017.04.08"]
[Round "1.2"]
[White "Plewka, Manfred"]
[Black "Dittmann, Hans Adolf"]
[Result "0-1"]
[WhiteElo "1918"]
[BlackElo "2083"]
[PlyCount "36"]
[EventDate "2017.04.08"]
[EventType "swiss"]
[EventRounds "9"]
[EventCountry "GER"]
[SourceTitle "EXT 2022"]
[Source "ChessBase"]
[SourceDate "2021.10.06"]
[SourceVersion "1"]
[SourceVersionDate "2021.10.06"]
[SourceQuality "1"]

1. e4 c5 2. Nf3 d6 3. d4 cxd4 4. Qxd4 Nc6 5. Bb5 Bd7 6. Bxc6 Bxc6 7. Nc3 Nf6 8. Nd5 Nxd5 9. exd5 Qa5+ 10. Bd2 Qxd5 11. 0-0 e5 12. Rfe1 Be7 13. Qe3 0-0 14. b3 f5 15. c4 Qf7 16. Qe2 Qg6 17. Rad1 f4 18. g3 fxg3 0-1